Central Library OPAC University of Rajshahi

The good companions / (Record no. 18479)

MARC details
000 -LEADER
fixed length control field 00617cam a2200217 a 4500
001 - CONTROL NUMBER
control field 18479
003 - CONTROL NUMBER IDENTIFIER
rucl marc code BD-RjUL
005 - DATE AND TIME OF LATEST TRANSACTION
control field 20211209000306.0
008 - FIXED-LENGTH DATA ELEMENTS--GENERAL INFORMATION
fixed length control field 140220r19561966enk 000 1 eng d
035 ## - SYSTEM CONTROL NUMBER
System control number (BD-RjUL)18537
040 ## - CATALOGING SOURCE
Original cataloging agency 2509
Language of cataloging eng
Transcribing agency 2509
Modifying agency BD-RjUL
041 ## - LANGUAGE CODE
Language code of text/sound track or separate title eng
082 00 - DEWEY DECIMAL CLASSIFICATION NUMBER
Classification number 823.912
Author mark and year PRG 1966
100 1# - MAIN ENTRY--PERSONAL NAME
Personal name Priestley, J. B.
Fuller form of name (John Boynton),
Dates associated with a name 1894-1984.
9 (RLIN) 56938
245 14 - TITLE STATEMENT
Title The good companions /
Statement of responsibility, etc. J. B. Priestley.
250 ## - EDITION STATEMENT
Edition statement Popular ed. reset.
260 ## - PUBLICATION, DISTRIBUTION, ETC. (IMPRINT)
Place of publication, distribution, etc. London :
Name of publisher, distributor, etc. Heinemann,
Date of publication, distribution, etc. 1956 [Reprinted 1966].
300 ## - PHYSICAL DESCRIPTION
Pagination viii, 604 p. ;
Size 21 cm.
650 #0 - SUBJECT ADDED ENTRY--TOPICAL TERM
Topical term or geographic name as entry element Fiction.
9 (RLIN) 56939
942 ## - ADDED ENTRY ELEMENTS (KOHA)
Source of classification or shelving scheme Dewey Decimal Classification
Koha item type Books
Holdings
Lost status Source of classification or shelving scheme Damaged status Not for loan Collection code Permanent Location Current Location Shelving location Date acquired Source of acquisition Cost, normal purchase price Total Checkouts Full call number Date last seen Copy number Koha item type
  Dewey Decimal Classification   Not For Loan Fiction Central Library, University of Rajshahi Central Library, University of Rajshahi Reading Room 15/12/1969 Zeitlinger 0.35   823.912 PRG 1966 20/02/2014 C-1 Books